[Event "Bogota Distrito Capital op-B"]
[Site "Bogota"]
[Date "2024.09.20"]
[Round "3"]
[White "Estrella Becerra, Fernando"]
[Black "Sanchez Penagos, Rubiela"]
[Result "1-0"]
[WhiteElo "1891"]
[BlackElo "1714"]
[PlyCount "117"]
[EventDate "2024.09.19"]
[EventType "swiss"]
[EventRounds "7"]
[EventCountry "COL"]
[SourceTitle "EXT 2025"]
[Source "ChessBase"]
[SourceDate "2024.10.14"]
[SourceVersion "1"]
[SourceVersionDate "2024.10.14"]
[SourceQuality "1"]

1. c4 Nf6 2. Nc3 d6 3. g3 g6 4. Bg2 Bg7 5. d4 0-0 6. Nf3 a5 7. 0-0 Nbd7 8. e4 e5 9. dxe5 Nxe5 10. Nxe5 Nxe4 11. Nxf7 Nxc3 12. bxc3 Rxf7 13. Bd5 Bxc3 14. Qf3 Qf6 15. Qxf6 Bxf6 16. Rb1 Rb8 17. Bh6 b6 18. Rfe1 Bf5 19. Rb3 c6 20. Bxf7+ Kxf7 21. Bf4 Rb7 22. Bxd6 Be6 23. Rf3 h5 24. Be5 Bf5 25. Bxf6 Kxf6 26. Rd1 Kg7 27. Re3 b5 28. cxb5 cxb5 29. Re5 a4 30. Rdd5 Bh3 31. f4 b4 32. Rb5 Rd7 33. Red5 Rc7 34. Rdc5 Rd7 35. Rd5 Rc7 36. Rd2 Rc4 37. Rb2 a3 38. Rd2 Rc1+ 39. Kf2 Rb1 40. Ke3 Re1+ 41. Kd4 Be6 42. Rxb4 Ra1 43. Rb7+ Kf6 44. Ra7 Rxa2 45. Rxa2 Bxa2 46. Rxa3 Bb1 47. Ra5 Ke6 48. Re5+ Kf6 49. Kd5 Ba2+ 50. Kd6 Bb3 51. h3 Ba2 52. g4 h4 53. f5 gxf5 54. Rxf5+ Kg6 55. Rh5 Bc4 56. Rxh4 Bf1 57. Ke5 Bg2 58. Kf4 Bf1 59. g5 1-0

[Event "COL-ch sf (Women)"]
[Site "Pereira"]
[Date "2024.03.31"]
[Round "9"]
[White "De Leon Villarreal, Gabriela"]
[Black "Sanchez Penagos, Rubiela"]
[Result "0-1"]
[WhiteElo "1529"]
[BlackElo "1728"]
[PlyCount "50"]
[EventDate "2024.03.27"]
[EventType "swiss"]
[EventRounds "9"]
[EventCountry "COL"]
[SourceTitle "CBM 219 Extra"]
[Source "ChessBase"]
[SourceDate "2024.05.31"]
[SourceVersion "1"]
[SourceVersionDate "2024.05.31"]
[SourceQuality "1"]

1. c4 Nf6 2. Nc3 e6 3. b3 b6 4. Nf3 Bb7 5. d4 Bb4 6. Bd2 0-0 7. e3 Bxc3 8. Bxc3 Ne4 9. Bb2 f5 10. Nd2 f4 11. f3 Qh4+ 12. Ke2 Qf2+ 13. Kd3 Qxe3+ 14. Kc2 Nf2 15. Qe2 Nxh1 16. Qxe3 fxe3 17. Ne4 Bxe4+ 18. fxe4 Rf2+ 19. Kd3 Rxb2 20. Kxe3 Nf2 21. Kf3 Nc6 22. g3 Nxd4+ 23. Kg2 Nxe4+ 24. Kg1 Nf3+ 25. Kh1 Rxh2# 0-1

[Event "COL-ch sf (Women)"]
[Site "Pereira"]
[Date "2024.03.31"]
[Round "8"]
[White "Espinel Forero, Aura Maria"]
[Black "Sanchez Penagos, Rubiela"]
[Result "1-0"]
[WhiteElo "1719"]
[BlackElo "1728"]
[PlyCount "137"]
[EventDate "2024.03.27"]
[EventType "swiss"]
[EventRounds "9"]
[EventCountry "COL"]
[SourceTitle "CBM 219 Extra"]
[Source "ChessBase"]
[SourceDate "2024.05.31"]
[SourceVersion "1"]
[SourceVersionDate "2024.05.31"]
[SourceQuality "1"]

1. e4 g6 2. d4 d6 3. Bf4 Bg7 4. Nc3 Nf6 5. Qd2 0-0 6. Bh6 Bxh6 7. Qxh6 e5 8. Nf3 Nc6 9. 0-0-0 Ng4 10. Qd2 exd4 11. Nxd4 Nxd4 12. Qxd4 Qg5+ 13. Kb1 Qf4 14. f3 Nf6 15. Be2 Be6 16. g4 Rfd8 17. h4 a5 18. h5 g5 19. h6 a4 20. Bc4 a3 21. Ne2 Qe5 22. Qxe5 dxe5 23. Bxe6 fxe6 24. Rxd8+ Rxd8 25. bxa3 Rd2 26. Re1 Kf7 27. Kc1 Rd6 28. Kb2 Ng8 29. Nc1 Rd2 30. Nd3 Kf6 31. Kc3 Rh2 32. Nc5 b6 33. Nd7+ Ke7 34. Nxe5 Rxh6 35. Rd1 Nf6 36. Rd2 Rh3 37. Kb4 Ne8 38. Rd3 Nd6 39. Nc6+ Kd7 40. Ne5+ Ke7 41. Nc4 Nb7 42. Kb5 Nc5 43. Re3 Kd7 44. Ne5+ Kc8 45. a4 Rh1 46. a5 Kb7 47. axb6 cxb6 48. Nf7 Rb1+ 49. Kc4 Rb2 50. c3 Rxa2 51. Kd4 Ra5 52. Ke5 Kc6 53. Kf6 Ra7 54. Nxg5 Kd6 55. Nf7+ Kd7 56. e5 Ke8 57. Nd6+ Kd7 58. Kg5 Ra1 59. f4 Rh1 60. Rf3 Kc6 61. f5 exf5 62. gxf5 Kd5 63. Re3 Rg1+ 64. Kh6 Rh1+ 65. Kg7 h5 66. e6 Kxd6 67. e7 Rg1+ 68. Kh7 Nd7 69. Re6+ 1-0

[Event "COL-ch sf (Women)"]
[Site "Pereira"]
[Date "2024.03.30"]
[Round "6"]
[White "Betancur Florez, Daniela"]
[Black "Sanchez Penagos, Rubiela"]
[Result "0-1"]
[WhiteElo "1464"]
[BlackElo "1728"]
[PlyCount "29"]
[EventDate "2024.03.27"]
[EventType "swiss"]
[EventRounds "9"]
[EventCountry "COL"]
[SourceTitle "CBM 219 Extra"]
[Source "ChessBase"]
[SourceDate "2024.05.31"]
[SourceVersion "1"]
[SourceVersionDate "2024.05.31"]
[SourceQuality "1"]

1. Nf3 Nf6 2. g3 g6 3. Bg2 Bg7 4. d3 d6 5. 0-0 0-0 6. e4 Be6 7. Nc3 c6 8. Bd2 Qd7 9. Ng5 h6 10. Nxe6 fxe6 11. Qc1 Kh7 12. f4 Na6 13. d4 c5 14. dxc5 Nxc5 15. Qd1 0-1

[Event "COL-ch sf (Women)"]
[Site "Pereira"]
[Date "2024.03.29"]
[Round "5"]
[White "Sanchez Penagos, Rubiela"]
[Black "Ladron De Guevara Mendez, Lorena"]
[Result "0-1"]
[WhiteElo "1728"]
[BlackElo "1625"]
[PlyCount "80"]
[EventDate "2024.03.27"]
[EventType "swiss"]
[EventRounds "9"]
[EventCountry "COL"]
[SourceTitle "CBM 219 Extra"]
[Source "ChessBase"]
[SourceDate "2024.05.31"]
[SourceVersion "1"]
[SourceVersionDate "2024.05.31"]
[SourceQuality "1"]

1. e4 e5 2. Nf3 Nc6 3. Bb5 a6 4. Ba4 Nf6 5. d3 b5 6. Bb3 Bc5 7. 0-0 d6 8. c3 0-0 9. h3 h6 10. Re1 Bb6 11. Nbd2 Ne7 12. a4 Bd7 13. a5 Ba7 14. d4 Ng6 15. Nf1 c5 16. Ng3 Qc7 17. Be3 Rfc8 18. Qd2 c4 19. Ba2 Bc6 20. d5 Bxe3 21. Qxe3 Bd7 22. Ne2 Nh5 23. g4 Nhf4 24. Nxf4 Nxf4 25. Nh4 Nd3 26. Reb1 Rab8 27. Nf5 Bxf5 28. gxf5 b4 29. cxb4 Rxb4 30. f6 Kh7 31. fxg7 Rg8 32. Kh2 Rxg7 33. Qd2 Qc5 34. b3 c3 35. Qc2 Qd4 36. f3 Qe3 37. Rg1 Qf4+ 38. Kh1 Qxf3+ 39. Kh2 Qf4+ 40. Kh1 Nf2+ 0-1

[Event "COL-ch sf (Women)"]
[Site "Pereira"]
[Date "2024.03.28"]
[Round "2"]
[White "Hernandez Arboleda, Rebeca"]
[Black "Sanchez Penagos, Rubiela"]
[Result "0-1"]
[WhiteElo "1464"]
[BlackElo "1728"]
[PlyCount "58"]
[EventDate "2024.03.27"]
[EventType "swiss"]
[EventRounds "9"]
[EventCountry "COL"]
[SourceTitle "CBM 219 Extra"]
[Source "ChessBase"]
[SourceDate "2024.05.31"]
[SourceVersion "1"]
[SourceVersionDate "2024.05.31"]
[SourceQuality "1"]

1. e4 c5 2. d4 cxd4 3. c3 d3 4. Bxd3 Nc6 5. Nf3 d6 6. c4 g6 7. Nc3 Bg7 8. 0-0 Nf6 9. Bf4 0-0 10. Qe2 Bg4 11. h3 Nd4 12. Qe3 Nxf3+ 13. gxf3 Bxh3 14. Rfd1 Re8 15. Rac1 a6 16. e5 Nh5 17. Bh2 Bd7 18. exd6 exd6 19. Qd2 Be5 20. f4 Bg7 21. Nd5 Bg4 22. Re1 Qh4 23. Nc7 Rxe1+ 24. Rxe1 Bf3 25. Nxa8 Qg4+ 26. Bg3 Qh3 27. Re8+ Bf8 28. Rxf8+ Kxf8 29. Bf1 Qh1# 0-1

[Event "COL-chT (Women)"]
[Site "Risaralda"]
[Date "2023.11.23"]
[Round "7.1"]
[White "Sanchez Penagos, Rubiela"]
[Black "Morales Perez, Ghisell Gabriela"]
[Result "1-0"]
[WhiteElo "1572"]
[BlackElo "1702"]
[PlyCount "95"]
[EventDate "2023.11.19"]
[EventType "team-swiss"]
[EventRounds "7"]
[EventCountry "COL"]
[SourceTitle "CBM 217 Extra"]
[Source "ChessBase"]
[SourceDate "2024.01.31"]
[SourceVersion "1"]
[SourceVersionDate "2024.01.31"]
[SourceQuality "1"]
[WhiteTeam "Cundinamarca (W)"]
[BlackTeam "Norte de Santander (W)"]
[WhiteTeamCountry "COL"]
[BlackTeamCountry "COL"]

1. d4 Nf6 2. c4 g6 3. Nc3 Bg7 4. e4 d6 5. Bg5 c5 6. d5 Nbd7 7. Nf3 a6 8. Qd2 h6 9. Be3 Ng4 10. Bf4 Nge5 11. Be2 Qa5 12. 0-0 Rb8 13. Rac1 Nxf3+ 14. Bxf3 Ne5 15. Be2 Bd7 16. h3 b5 17. b3 Qb6 18. Be3 g5 19. b4 0-0 20. bxc5 dxc5 21. f4 gxf4 22. Bxf4 Rbd8 23. Rb1 b4 24. Nd1 Qg6 25. Nf2 f5 26. Rb3 Kh7 27. Rg3 Qf7 28. Kh1 e6 29. exf5 exd5 30. Bxe5 Bxe5 31. Rg6 Bg7 32. Ng4 Bxf5 33. Rxh6+ Bxh6 34. Qxh6+ Kg8 35. Bd3 Qg7 36. Rxf5 Rxf5 37. Qe6+ Rf7 38. cxd5 Kf8 39. Bxa6 Re7 40. Qb6 Rc7 41. d6 Rcd7 42. Qxc5 Rxd6 43. Qxb4 Kg8 44. Bc4+ Kh8 45. Qa5 Qg6 46. Bb3 Kh7 47. Qc7+ Kh8 48. Ne5 1-0

[Event "Medellin de La Raza U2000 op"]
[Site "Medellin"]
[Date "2023.10.12"]
[Round "1"]
[White "Sanchez Penagos, Rubiela"]
[Black "Builes Marin, Rafael Mauricio"]
[Result "1-0"]
[WhiteElo "1589"]
[BlackElo "1600"]
[PlyCount "75"]
[EventDate "2023.10.12"]
[EventType "swiss"]
[EventRounds "9"]
[EventCountry "COL"]
[SourceTitle "CBM 216 Extra"]
[Source "ChessBase"]
[SourceDate "2023.11.30"]
[SourceVersion "1"]
[SourceVersionDate "2023.11.30"]
[SourceQuality "1"]

1. e4 e5 2. Nf3 Nc6 3. Bb5 Nge7 4. c3 g6 5. d4 exd4 6. cxd4 Bg7 7. d5 Ne5 8. Nbd2 0-0 9. 0-0 d6 10. Nxe5 Bxe5 11. f4 Bg7 12. Nf3 c6 13. Bc4 c5 14. h3 a6 15. a4 h6 16. e5 Nf5 17. g4 Nh4 18. Qe1 Nxf3+ 19. Rxf3 f5 20. e6 Qe7 21. Raa3 Rb8 22. a5 b5 23. axb6 Rxb6 24. Rfb3 Rxb3 25. Rxb3 fxg4 26. hxg4 Qf6 27. Be3 Qe7 28. Rb6 Bf6 29. Bxc5 Qa7 30. Bf2 Bh4 31. Rc6 Bxf2+ 32. Qxf2 Qe7 33. Qc2 Qf6 34. Rc7 Kh8 35. g5 Qxf4 36. Qc3+ Qe5 37. Qxe5+ dxe5 38. gxh6 1-0

[Event "Ubate Segunda sf Dep m II"]
[Site "Ubate"]
[Date "2016.11.14"]
[Round "4.4"]
[White "Olarte Parra, Jhoan Sebastian"]
[Black "Sanchez Penagos, Rubiela"]
[Result "1-0"]
[WhiteElo "1993"]
[BlackElo "1601"]
[PlyCount "55"]
[EventDate "2016.11.12"]
[EventType "swiss"]
[EventRounds "5"]
[EventCountry "COL"]
[SourceTitle "EXT 2024"]
[Source "ChessBase"]
[SourceDate "2023.10.10"]
[SourceVersion "1"]
[SourceVersionDate "2023.10.10"]
[SourceQuality "1"]

1. f4 e5 2. fxe5 d6 3. exd6 Bxd6 4. Nf3 g5 5. d4 g4 6. Ng5 Nc6 7. g3 Qe7 8. d5 Ne5 9. Ne4 Bf5 10. Nxd6+ Qxd6 11. e4 Bd7 12. c4 0-0-0 13. Nc3 Ne7 14. Be3 Kb8 15. Qd4 Nc8 16. c5 Qf6 17. 0-0-0 Rhe8 18. Qb4 Ka8 19. Nb5 Bxb5 20. Bxb5 c6 21. Rhf1 Qg6 22. Ba4 Rxd5 23. Rxd5 cxd5 24. Qb3 Re7 25. exd5 Qd3 26. Qxd3 Nxd3+ 27. Kd2 Nxb2 28. Bb3 1-0

[Event "Ubate Segunda sf Dep m II"]
[Site "Ubate"]
[Date "2016.11.13"]
[Round "2.13"]
[White "Mejia Perez, Jose Manuel"]
[Black "Sanchez Penagos, Rubiela"]
[Result "0-1"]
[WhiteElo "1301"]
[BlackElo "1601"]
[PlyCount "86"]
[EventDate "2016.11.12"]
[EventType "swiss"]
[EventRounds "5"]
[EventCountry "COL"]
[SourceTitle "EXT 2024"]
[Source "ChessBase"]
[SourceDate "2023.10.10"]
[SourceVersion "1"]
[SourceVersionDate "2023.10.10"]
[SourceQuality "1"]

1. c4 Nf6 2. Nc3 d6 3. g3 g6 4. Bg2 Bg7 5. e3 0-0 6. Nge2 Nbd7 7. d4 c6 8. Rb1 Ne8 9. 0-0 f5 10. Bd2 e5 11. Qb3 Kh8 12. Rfd1 Nef6 13. dxe5 dxe5 14. f4 e4 15. Qc2 a5 16. Nd4 Qe7 17. a3 Nc5 18. b4 axb4 19. axb4 Nd3 20. Na2 Be6 21. Nc1 Ra3 22. Bf1 Rfa8 23. Nxd3 exd3 24. Bxd3 Bg8 25. Bc3 Qxe3+ 26. Kg2 Bxc4 27. Ra1 Bd5+ 28. Kf1 Ng4 29. Rxa3 Rxa3 30. Re1 Bxd4 31. Bxd4+ Qxd4 32. Rd1 Ne3+ 33. Ke1 Nxc2+ 34. Bxc2 Qe3+ 35. Kf1 Bc4+ 36. Kg2 Qe2+ 37. Kh3 Qxc2 38. Rd7 Bf1+ 39. Kh4 Qxh2+ 40. Kg5 Qxg3+ 41. Kf6 Qh4+ 42. Kf7 Bc4+ 43. Kf8 Ra8+ 0-1